Online
Catalog

La lingüística española del siglo de oro : (Record no. 34409)

MARC details
000 -CABECERA
campo de control de longitud fija 00993nam a2200241 a 4500
001 - NÚMERO DE CONTROL
campo de control 000034918
005 - FECHA Y HORA DE LA ÚLTIMA TRANSACCIÓN
campo de control 20260209080119.0
008 - DATOS DE LONGITUD FIJA--INFORMACIÓN GENERAL
campo de control de longitud fija 111021s1966 sp 000 0 spa d
040 ## - FUENTE DE LA CATALOGACIÓN
Centro catalogador/agencia de origen DO-SdBNP
Lengua de catalogación spa
Centro/agencia transcriptor BNPHU
082 ## - NÚMERO DE LA CLASIFICACIÓN DECIMAL DEWEY
Número de clasificación 460.7
Número de documento/Ítem B151b
100 1# - ENTRADA PRINCIPAL--NOMBRE DE PERSONA
Nombre de persona Bahner, Werner
9 (RLIN) 60487
240 10 - TÍTULO UNIFORME
Título uniforme Beitrag zum Sprachbewusstein in der spanischen Literatur des XVI.und XVII. Jahrhunderts.
Lenguaje de la obra Español
245 13 - MENCIÓN DE TÍTULO
Título La lingüística española del siglo de oro :
Resto del título aportaciones a la conciencia lingüística en la España de los siglos XVI y XVII /
Mención de responsabilidad, etc. Werner Bahner; traducido por Jesús Munárriz Peralta.
260 ## - PUBLICACIÓN, DISTRIBUCIÓN, ETC.
Lugar de publicación, distribución, etc. Madrid :
Nombre del editor, distribuidor, etc. Ciencia nueva,
Fecha de publicación, distribución, etc. 1966.
300 ## - DESCRIPCIÓN FÍSICA
Extensión 202 p. :
Otras características físicas retrato ;
Dimensiones 22 cm.
490 1# - MENCIÓN DE SERIE
Mención de serie Colección A5
504 ## - NOTA DE BIBLIOGRAFÍA, ETC.
Nota de bibliografía, etc. Incluye referencias bibliográficas y notas al pie de las páginas
650 #4 - PUNTO DE ACCESO ADICIONAL DE MATERIA--TÉRMINO DE MATERIA
Término de materia o nombre geográfico como elemento de entrada Español
Subdivisión general Historia
9 (RLIN) 3903
650 #0 - PUNTO DE ACCESO ADICIONAL DE MATERIA--TÉRMINO DE MATERIA
Término de materia o nombre geográfico como elemento de entrada Español
9 (RLIN) 5058
700 12 - PUNTO DE ACCESO ADICIONAL--NOMBRE DE PERSONA
Nombre de persona Munárriz Peralta, Jesús
9 (RLIN) 60488
830 #0 - PUNTO DE ACCESO ADICIONAL DE SERIE-TÍTULO UNIFORME
Título uniforme Colección A5
9 (RLIN) 60489
910 ## - DATOS DE OPCIÓN DEL USUARIO (OCLC)
Datos de opción del usuario Validado. Control de calidad MFF
Holdings
Estado de retiro Estado de pérdida Restricciones de uso No para préstamo Código de colección Localización permanente Ubicación/localización actual Ubicación en estantería Fecha de adquisición Número de inventario Total de préstamos Signatura topográfica completa Código de barras Fecha visto por última vez Precio válido a partir de Tipo de ítem Koha Nota pública
      Excluido de préstamo Monografías: Libros y Folletos General General Depósito 21.10.2011 LF1   460.7 B151b 34918-10 25.06.2020 25.06.2020 No se presta Perteneció a la biblioteca personal de Juan Isidro Jimenes Grullón.

Powered by Koha